Estudio de ingeniería industrial en el subsistema "Emergencias y consulta externa" del Hospital Nacional de Niños
Salvato in:
| Ente Autore: | |
|---|---|
| Natura: | Libro |
| Lingua: | Spanish |
| Pubblicazione: |
: San José, Costa Rica : Universidad de Costa Rica, Facultad de Ingeniería, Escuela de Ingeniería Industrial
1974
|
| Soggetti: | |
| Tags: |
Aggiungi Tag
Nessun Tag, puoi essere il primo ad aggiungerne!!
|
MARC
| LEADER | 00000nam a2200000Ia 4500 | ||
|---|---|---|---|
| 003 | 000598 | ||
| 005 | 20221231143943.0 | ||
| 008 | 140114s1974 cr a 000 ||spa d | ||
| 040 | |c cru CEDI | ||
| 082 | |a 362.11 U58e | ||
| 110 | |9 20585 |a Universidad de Costa Rica. Facultad de Ingeniería. Escuela de Ingeniería Industrial | ||
| 245 | |a Estudio de ingeniería industrial en el subsistema "Emergencias y consulta externa" del Hospital Nacional de Niños | ||
| 246 | |a Estudios de ingeniería industrial en sistemas hospitalarios. | ||
| 260 | |a : San José, Costa Rica : Universidad de Costa Rica, Facultad de Ingeniería, Escuela de Ingeniería Industrial |c 1974 | ||
| 300 | |a paginación varia :ilustraciones | ||
| 650 | |x HOSPITALES -- INGENIERÍA INDUSTRIAL |9 21629 | ||
| 942 | |2 ddc |c BK | ||
| 999 | |c 14732 |d 14732 | ||
